El Teatro como escuela en Costa Rica. Teatro público y Estado en San José, 1880-1914: una aproximación desde la historia social (por Patricia Fumero) /
保存先:
| 第一著者: | |
|---|---|
| フォーマット: | テキスト |
| 主題: | |
| タグ: |
タグ追加
タグなし, このレコードへの初めてのタグを付けませんか!
|
MARC
| LEADER | 00000 a a2200000 04500 | ||
|---|---|---|---|
| 001 | 15218 | ||
| 003 | |||
| 040 | |||
| 100 | |a Stansifer, Charles L. | ||
| 245 | |a El Teatro como escuela en Costa Rica. Teatro público y Estado en San José, 1880-1914: |b una aproximación desde la historia social (por Patricia Fumero) / |c Charles L. Stansifer | ||
| 650 | |a PUB.IIS | ||
| 650 | |a ANALISIS DE DOCUMENTOS | ||
| 650 | |a TEATRO | ||
| 773 | |g número 81; páginas 105-106 | ||
| 999 | |c 36571 |d 36571 | ||
| 773 | 0 | |0 18728 |9 2606 |a Universidad de Costa Rica |d San José, Costa Rica Editorial UCR 1956- |o 01943 |t Revista de Ciencias Sociales/ |x 04825276 | |
